| 000 | 00724nam a2200217 a 4500 | ||
|---|---|---|---|
| 999 |
_c4316 _d4316 |
||
| 001 | 4316 | ||
| 003 | BD-JhCC | ||
| 005 | 20171127125609.0 | ||
| 008 | 171126s1966 bg |||| ||a| 000 0 ben d | ||
| 035 | _a(BD-JhCC)4316 | ||
| 040 |
_aBD-JhCC _dBD-JhCC |
||
| 041 | _aben | ||
| 082 |
_a398.547 _bPAK 1966 |
||
| 245 |
_aপাকিস্তানের লোক-গীতি / _cপাকিস্তান পাবলিকেশান্স |
||
| 260 |
_aঢাকা : _bপাকিস্তান পাবলিকেশান্স, _c1966. |
||
| 300 |
_a195 p. : _c22 cm. |
||
| 650 | _aFolk tales | ||
| 710 | _aপাকিস্তান পাবলিকেশান্স | ||
| 942 |
_2ddc _cBK |
||